[Event "Regionalliga SO 0405"]
[Site "Bayern"]
[Date "2004.12.12"]
[Round "4.8"]
[White "Rosner, Gerhard"]
[Black "Peter, Herbert"]
[Result "1-0"]
[WhiteElo "2064"]
[BlackElo "1840"]
[PlyCount "152"]
[EventDate "2004.10.24"]
[EventType "team-tourn"]
[EventRounds "9"]
[EventCountry "GER"]
[SourceTitle "EXT 2007"]
[Source "ChessBase"]
[SourceDate "2006.11.23"]
[SourceVersion "1"]
[SourceVersionDate "2006.11.23"]
[SourceQuality "1"]
[WhiteTeam "Pang/Rosenheim II"]
[BlackTeam "Ilmmuenster"]
[WhiteTeamCountry "GER"]
[BlackTeamCountry "GER"]

1. d4 Nf6 2. Nf3 d6 3. c4 Bg4 4. h3 Bxf3 5. exf3 g6 6. Be2 Bg7 7. 0-0 0-0 8. Nc3 Nc6 9. d5 Ne5 10. f4 Ned7 11. Qc2 c6 12. dxc6 bxc6 13. Bf3 Rc8 14. Be3 Nb6 15. b3 d5 16. Rad1 e6 17. Bc5 Re8 18. Ne2 Qc7 19. g3 Nbd7 20. Ba3 Qa5 21. Bb2 Nc5 22. Bd4 Ncd7 23. Qb2 Qa6 24. cxd5 cxd5 25. Rc1 Qb7 26. Rxc8 Rxc8 27. Rc1 a6 28. Qa3 Rxc1+ 29. Qxc1 Ne8 30. Qc3 Bxd4 31. Nxd4 Qc7 32. Qc6 Qxc6 33. Nxc6 Nd6 34. Be2 Nc5 35. b4 Nce4 36. Bxa6 Nc3 37. a3 Kf8 38. Bd3 f6 39. Kf1 Ke8 40. Ke1 Kd7 41. Nd4 e5 42. fxe5 fxe5 43. Ne2 Na4 44. Bc2 Nb6 45. a4 Nbc4 46. Nc3 Kc6 47. Ke2 Na3 48. Bb3 d4 49. Bd5+ Kb6 50. Ne4 Ndc4 51. Bxc4 Nxc4 52. Nf6 Nb2 53. Nd7+ Kc6 54. Nxe5+ Kd5 55. Nd7 Nxa4 56. Kd3 Nb2+ 57. Kc2 Nc4 58. Kd3 Nb2+ 59. Kc2 Nc4 60. Nf6+ Ke5 61. Nxh7 Ke4 62. Ng5+ Ke5 63. Nf3+ Kd5 64. Nh4 Ke4 65. Nxg6 d3+ 66. Kc3 Na3 67. Nf4 Nb1+ 68. Kb2 Nd2 69. h4 Kd4 70. Nxd3 Kxd3 71. h5 Nc4+ 72. Kb3 Nd6 73. h6 Nf7 74. h7 Ke4 75. b5 Kd5 76. Kb4 Ke6 1-0

[Event "Regionalliga SO 0304"]
[Site "Bayern"]
[Date "2004.04.25"]
[Round "9.5"]
[White "Heimann, Helmut"]
[Black "Rosner, Gerhard"]
[Result "1/2-1/2"]
[WhiteElo "1961"]
[BlackElo "2095"]
[PlyCount "22"]
[EventDate "2003.10.??"]
[EventType "team-tourn"]
[EventRounds "9"]
[EventCountry "GER"]
[SourceTitle "EXT 2006"]
[Source "ChessBase"]
[SourceDate "2005.11.24"]
[SourceVersion "1"]
[SourceVersionDate "2005.11.24"]
[SourceQuality "1"]
[WhiteTeam "Fuerstenfeldbruck"]
[BlackTeam "Freilassing"]
[WhiteTeamCountry "GER"]
[BlackTeamCountry "GER"]

1. e4 c5 2. c3 e6 3. d4 d5 4. e5 Nc6 5. Nf3 Bd7 6. Bd3 Qb6 7. Bc2 Nge7 8. 0-0 cxd4 9. cxd4 Nb4 10. Ba4 Nbc6 11. Bc2 Nb4 1/2-1/2